| 000 | 01015nam a2200229Ia 4500 | ||
|---|---|---|---|
| 020 | _a9789250056371 | ||
| 020 | _a9250056370 | ||
| 040 | _cOSU | ||
| 082 | _a338 FOO 2006 A064 Or. | ||
| 110 | 2 | _aGeneral Fisheries Commission for the Mediterranean (Food and Agriculture Organization of the United Nations). | |
| 245 | 1 | 0 |
_aReport of the ninth session of the Scientific Advisory Committee : _bRome, 24-27 October 2006 = Rapport de la neuvi©·me session du Comit©♭ Scientifique Consultatif : Rome, 24-27 octobre 2006 |
| 246 | 3 | 1 | _aRapport de la huiti©·me session du Comit©♭ scientifique consultatif |
| 260 |
_aRome : _bFood and Agriculture Organization of the United Nations, _cc2006 |
||
| 300 |
_avi, 106 p. ; _c30 cm |
||
| 490 | 1 |
_aFAO fisheries report = _aFAO rapport sur les p©®ches, |
|
| 500 | _a"FIPL/R814 (Bi)." | ||
| 650 | 0 | _aFishery management | |
| 650 | 0 | _aFisheries | |
| 650 | 0 | _aSustainable fisheries | |
| 710 | 2 | _aFood and Agriculture Organization of the United Nations | |
| 942 | _cEK | ||
| 999 |
_c14036 _d14036 |
||